00938nam a2200193 i 450000100060000000300090000600500170001500700030003200800410003510000500007624503320012625000120045826000410047030000400051165000340055185200210058599900170060695201210062381106ES-MaACL20230906174354.0t|041103s1946 sp af |||| | spa d1 aHoyos Cascón, María Concepción.915668210aNuevo tratado de corte y confección b: sistema Hoyos expuesto a medidas directas : contiene las reglas necesarias para cortar y confeccionar toda clase de prendas de vestir y ropa blanca, para señora, caballero y niños : trajes regionales y de época : ilustraciones en grabados / cpor Mª Concepción Hoyos Cascón. a3ª ed. aMadrid : b[s.n.], c1946 (fVersal) a178 p., 8 lám. : bil. ; c27 cm. 4aCorte y confección.9139229 aES-MaACLjD-7082 c81106d81106 00104070aATENEOMbATENEOMcSVId2008-01-17eSCl0oD-7082p901084786r2023-02-23 00:00:00w2023-02-23yMONOGRAFIA